[Event "Regionalliga SW 9900"]
[Site "Bayern"]
[Date "1999.??.??"]
[Round "3.7"]
[White "Englert, Berthold Georg"]
[Black "Christiansen, Martin"]
[Result "1/2-1/2"]
[WhiteElo "1995"]
[BlackElo "1825"]
[PlyCount "92"]
[EventDate "1999.??.??"]
[EventType "team-tourn"]
[EventRounds "9"]
[EventCountry "GER"]
[SourceTitle "EXT 2020"]
[Source "ChessBase"]
[SourceDate "2019.10.17"]
[SourceVersion "1"]
[SourceVersionDate "2019.10.17"]
[SourceQuality "1"]
[WhiteTeam "Garching"]
[BlackTeam "Pasing II"]
[WhiteTeamCountry "GER"]
[BlackTeamCountry "GER"]

1. d4 Nf6 2. c4 e6 3. Nc3 Bb4 4. e3 0-0 5. Bd3 d5 6. Nf3 c5 7. 0-0 dxc4 8. Bxc4 cxd4 9. exd4 b6 10. Qe2 Bb7 11. Be3 Nbd7 12. Rac1 Bxc3 13. bxc3 Qc7 14. Bb3 Ng4 15. g3 Qc6 16. d5 exd5 17. Nd4 Qg6 18. Bf4 Rfe8 19. Qd2 Nc5 20. f3 Nxb3 21. axb3 Ne5 22. Bxe5 Rxe5 23. Rfe1 Rae8 24. Rxe5 Rxe5 25. Re1 f6 26. f4 Rxe1+ 27. Qxe1 Qe4 28. Kf2 Qxe1+ 29. Kxe1 a5 30. Kd2 g6 31. Ke3 Kf7 32. Nc2 Ke6 33. Kd4 Kd6 34. Ne3 h5 35. Nc2 b5 36. Na3 Kc6 37. b4 a4 38. Ke3 Bc8 39. Kd4 Bh3 40. Ke3 Bf1 41. h4 Kd6 42. Nc2 Bc4 43. Kd2 Ke6 44. Nd4+ Kf7 45. Kc1 g5 46. Kb2 Kg6 1/2-1/2